000 00498nam a2200181Ia 4500
005 20250508152807.0
008 008 250505s9999 xx 000 0 eng d
037 _aTextual
040 _aFEDL
_beng
_cFEDL
041 _aeng
_2eng
084 _a674.4, EVA
_qFEDL
100 _aEvans Harry T
_9180
245 0 _aWood work for the lower stream
260 _aLondon, UK
_bThe Technical Press Ltd.
_c1959
300 _a165p.
942 _cTEXL
_h674.4, EVA
999 _c1338793
_d1338793